| 000 | 00877nam a22002657a 4500 | ||
|---|---|---|---|
| 003 | dpl | ||
| 005 | 20180529140118.0 | ||
| 008 | 180529b xxu||||| |||| 00| 0 eng d | ||
| 010 | _aA-292758 | ||
| 020 | _c20.00 | ||
| 035 | _aA-292758, A-292762 | ||
| 037 | _bCen Lib/Ret | ||
| 040 |
_aDPL _bEN _c0 |
||
| 082 |
_a880.8 _bGHO |
||
| 100 |
_aGhose, Sisirkumar _925481 |
||
| 245 |
_aRabindranath Tagore / _cby Sisirkumar Ghose |
||
| 260 |
_aNew Delhi _bSahitya Akadem _c1986 |
||
| 270 |
_bNew Delhi _aRabindra Bhawan, 35, ferozshah Road _e110001 |
||
| 300 |
_a131p. _c21cm(Hb) |
||
| 490 | _aMakers of Indian literature | ||
| 500 | _aIncludes bibliographical references | ||
| 650 |
_aTagore, Rabindranath, -- 1861-1941 -- Criticism and interpretation _925482 |
||
| 650 |
_aTagore, Rabindranath, -- 1861-1941 _925483 |
||
| 942 |
_2ddc _cEN _h880.8 _mGHO |
||
| 999 |
_c129124 _d129124 |
||